|
|
|
|
| LEADER |
01113pam a22002658a 4500 |
| 001 |
00045595 |
| 005 |
20200622100603.0 |
| 008 |
150423s2013 ||||||Viesd |
| 020 |
# |
# |
|c 75000
|a 9786045457825
|
| 041 |
0 |
# |
|a Vie
|
| 082 |
1 |
4 |
|b H561D
|a 530.07
|
| 245 |
0 |
0 |
|a Hướng dẫn dạy học môn Vật lí theo Chương trình giáo dục phổ thông mới
|c Nguyễn Văn Khánh (chủ biên); Lê Đức Anh, Đoàn Thị Hải Quỳnh, ... [những người khác]
|
| 260 |
# |
# |
|a Hà Nội
|b Đại học sư phạm
|c 2019
|
| 300 |
# |
# |
|a 164 tr.
|c 24 cm
|
| 653 |
# |
# |
|a Chương trình
|
| 653 |
# |
# |
|a Giáo dục phổ thông mới
|
| 653 |
# |
# |
|a Vật lí
|
| 653 |
# |
# |
|a Hướng dẫn dạy học
|
| 700 |
1 |
# |
|a Lê, Đức Ánh
|
| 700 |
1 |
# |
|a Đoàn, Thị Hải Quỳnh
|
| 700 |
1 |
# |
|a Đỗ, Thanh Hữu
|
| 700 |
1 |
# |
|e Chủ biên
|a Nguyễn, Văn Khánh
|
| 852 |
# |
# |
|j KGT.0059205
|j KGT.0059204
|j KGT.0059206
|j KGT.0059207
|j KD.0027239
|
| 910 |
# |
# |
|d 22/6/2020
|
| 980 |
# |
# |
|a Trung tâm Học liệu Lê Vũ Hùng, Trường Đại học Đồng Tháp
|